Rožňava

Zobrazenie: Pohľad na mestskú vežu zboku a na námestie s budovami kde v popredí záberu a pri budovách sú automobily

Bibliographic Details
Other Authors: Hajduch, Ján, 1906-1972 (Photographer)
Format: Photo
Language:Slovak
Published: [Bratislava] VPL 1963
Subjects:

MARC

LEADER 00000nkm a2200000 a 4500
001 vtls011982181
003 SK-MaSNL
005 20260331212510.0
007 kf bo
008 230706s1963 xo g 00 kuslo
015 |a SNBG1963 
035 |a urn:nbn:sk:snk-km00fccr 
035 |a urn:nbn:sk:snk-km45ue1 
035 |a 2643E7FA-6AA9-463C-AD77-5297B52D12D5 
040 |a SNK  |b slo  |c SNK  |e AACR2 
041 0 |a slo 
043 |a e-xo--- 
044 |a xo  |c SK 
072 7 |a 913  |x Regionálna geografia  |2 konspekt 
080 |a 913(437.6)  |2 2011 
080 |a 721  |2 2011 
080 |a (084.121)  |2 2011 
080 |a 711.61  |2 2011 
080 |a 725/726.012.28  |2 2011 
100 1 |a Hajduch, Ján,  |d 1906-1972  |4 pht  |9 98286 
245 1 0 |a Rožňava  |h grafika  |c foto Hajduch 
260 |a [Bratislava]  |b VPL  |c 1963 
300 |a 1 pohľadnica  |b čiernobiela  |c 11 x 15 cm 
520 8 |a Zobrazenie: Pohľad na mestskú vežu zboku a na námestie s budovami kde v popredí záberu a pri budovách sú automobily 
650 0 7 |a budovy  |2 SNKPH  |9 1283 
650 0 7 |a námestia  |2 SNKPH  |9 26291 
650 0 7 |a mestské veže  |2 SNKPH  |9 173826 
651 7 |a Rožňava (Slovensko)  |2 SNKPHgeo  |9 17394 
655 7 |a miestne pohľadnice  |2 SNKPH  |9 70510 
852 |a Slovenská národná knižnica 
958 |a GBN 
958 |a OND 
958 |a GC 
999 |c 608721  |d 610651 
952 |a SNK  |b SNK  |y PREZ  |7 0  |p 17A1221014  |o snkSP 20673  |z Pohľadnica prešla poštou.  |0 0  |1 0  |4 0  |d 2020-07-16  |f 1  |l 0  |r 2026-02-23 16:16:02  |w 2026-02-23